000 00626nam a2200241Ia 4500
003 OSt
005 20221007072258.0
006 a|||||r|||| 00| 0
007 ta
008 221006b |||||||| |||| 00| 0 eng d
024 _a20,897
037 _cTextual
040 _aFLL
_cFLL
_beng
041 _2eng
_aeng
082 _aZ:81, L0
100 _aWalton Anthony Au.
_9690415
245 0 _aRussell on the law of arbitration
250 _a18th
260 _aLondon
_bStevens & Sons England
_c1970
300 _a542p
_ccm.
942 _hZ:81, L0
_cTEXL
_2CC
999 _c1145628
_d1145628